000 00486nam a2200157 a 4500
001 000047770
005 20201002060727.0
008 180807s2018 dr a 000 spa d
020 _a9789945125092
040 _aDO-SdBNP
_bspa
_cBNPHU
082 _axxx
_bM717l
100 1 _aMolina Martínez, Delkis
_974944
245 0 _aLengua española 5 :. :
_bnivel secundario /
_cDelkis Molina Martínez.
260 _aSanto Domingo :
_bSusaeta Ediciones,
_c2018.
300 _a248 p. :
_bil. ;
_c30 cm.
999 _c47258
_d47258